[Event "ESP-ch 87th"]
[Site "Linares"]
[Date "2022.08.13"]
[Round "4"]
[White "Tejedor Fuente, Enrique"]
[Black "Guerra Bastida, Diego"]
[Result "1/2-1/2"]
[WhiteElo "2387"]
[BlackElo "2242"]
[PlyCount "143"]
[EventDate "2022.08.11"]
[EventType "swiss"]
[EventRounds "9"]
[EventCountry "ESP"]
[SourceTitle "CBM 209 Extra"]
[Source "ChessBase"]
[SourceDate "2022.09.30"]
[SourceVersion "1"]
[SourceVersionDate "2022.09.30"]
[SourceQuality "1"]

1. e4 e5 2. Nf3 Nc6 3. Bb5 a6 4. Ba4 Nf6 5. d3 b5 6. Bb3 Be7 7. 0-0 d6 8. c3 0-0 9. Nbd2 Nb8 10. a4 Bb7 11. axb5 axb5 12. Rxa8 Bxa8 13. Re1 Nbd7 14. Nf1 Nc5 15. Bc2 Re8 16. Ng3 Bf8 17. b4 Ncd7 18. d4 g6 19. h3 Bg7 20. dxe5 Nxe5 21. Nxe5 dxe5 22. Qf3 Qe7 23. Be3 Qe6 24. Qe2 Qa2 25. Bd3 Qxe2 26. Rxe2 Bc6 27. Ra2 Ra8 28. Rxa8+ Bxa8 29. f3 Bc6 30. Ne2 Ne8 31. c4 bxc4 32. Bxc4 Nd6 33. Bb3 Nb5 34. Nc1 Nd4 35. Bc4 Kf8 36. Kf2 f5 37. exf5 gxf5 38. f4 e4 39. g4 fxg4 40. hxg4 Bd7 41. Kg3 Ke8 42. Ne2 Bb5 43. Bxb5+ Nxb5 44. f5 Be5+ 45. Bf4 Bb2 46. Bd2 Be5+ 47. Kf2 Nd6 48. Bf4 Nc4 49. Kg3 c6 50. g5 Kf7 51. Kg4 Bb2 52. Bb8 Be5 53. Ba7 Bd6 54. Bc5 Ne5+ 55. Kf4 Nd3+ 56. Kxe4 Nxc5+ 57. bxc5 Bxc5 58. Nd4 Be7 59. Nf3 c5 60. Kd5 c4 61. Kxc4 Bxg5 62. Kd5 Bf6 63. Ke4 h5 64. Kf4 Ke7 65. Nd2 Kf7 66. Ne4 Ke7 67. Nf2 Kf7 68. Nh1 Bd8 69. Ke4 h4 70. Kf4 h3 71. Kg4 h2 72. Kh3 1/2-1/2

[Event "ESP-chT CECLUB Div2"]
[Site "Linares"]
[Date "2021.08.10"]
[Round "2.1"]
[White "Adla, Diego Gustavo"]
[Black "Guerra Bastida, Diego"]
[Result "1-0"]
[WhiteElo "2419"]
[BlackElo "2286"]
[PlyCount "71"]
[EventDate "2021.08.09"]
[EventType "team-swiss"]
[EventRounds "7"]
[EventCountry "ESP"]
[SourceTitle "CBM 203 Extra"]
[Source "ChessBase"]
[SourceDate "2021.09.30"]
[SourceVersion "1"]
[SourceVersionDate "2021.09.30"]
[SourceQuality "1"]
[WhiteTeam "Casablanca Myinvestor"]
[BlackTeam "Circulo Ferrolano"]
[WhiteTeamCountry "ESP"]
[BlackTeamCountry "ESP"]

1. e4 e6 2. d4 d5 3. exd5 exd5 4. Nf3 Nf6 5. Bd3 Bd6 6. Qe2+ Be6 7. Ng5 Qe7 8. Nxe6 fxe6 9. Nd2 e5 10. dxe5 Qxe5 11. Qxe5+ Bxe5 12. Nf3 Bd6 13. c4 Nc6 14. cxd5 Nb4 15. Bb5+ Kf8 16. 0-0 Nbxd5 17. Bg5 c6 18. Bc4 Nb6 19. Bb3 Nfd5 20. Rad1 Be7 21. Bc1 Bf6 22. h4 h6 23. g4 g6 24. Rfe1 Kg7 25. g5 hxg5 26. hxg5 Bd8 27. Nd4 Rh5 28. f4 Be7 29. f5 Bc5 30. f6+ Kf7 31. Kg2 Bxd4 32. Rxd4 Rah8 33. Bf4 Rh4 34. Re7+ Kf8 35. Bd6 Nc8 36. Rh7+ 1-0

[Event "ESP-chT CECLUB Div2"]
[Site "Linares"]
[Date "2021.08.10"]
[Round "3.7"]
[White "Guerra Bastida, Diego"]
[Black "Ramirez Diaz, Jose Ramon"]
[Result "0-1"]
[WhiteElo "2286"]
[BlackElo "2174"]
[PlyCount "120"]
[EventDate "2021.08.09"]
[EventType "team-swiss"]
[EventRounds "7"]
[EventCountry "ESP"]
[SourceTitle "CBM 203 Extra"]
[Source "ChessBase"]
[SourceDate "2021.09.30"]
[SourceVersion "1"]
[SourceVersionDate "2021.09.30"]
[SourceQuality "1"]
[WhiteTeam "Circulo Ferrolano"]
[BlackTeam "Tomelloso"]
[WhiteTeamCountry "ESP"]
[BlackTeamCountry "ESP"]

1. d4 g6 2. e4 d6 3. Nf3 Nf6 4. Bd3 Bg7 5. 0-0 0-0 6. Re1 Nc6 7. c3 e5 8. Nbd2 exd4 9. cxd4 Re8 10. h3 Bd7 11. Nf1 Nb4 12. Bb1 c5 13. e5 dxe5 14. dxe5 Nh5 15. g4 Bc6 16. N1h2 Qxd1 17. Rxd1 Rad8 18. Rxd8 Rxd8 19. Bd2 Nd3 20. Bxd3 Rxd3 21. Be3 Nf4 22. Bxf4 Bxf3 23. Nxf3 Rxf3 24. Bg3 Rd3 25. Rc1 Rd5 26. f4 g5 27. fxg5 Bxe5 28. Bxe5 Rxe5 29. Kf2 Rxg5 30. Rd1 c4 31. a4 Ra5 32. Ke3 Rxa4 33. Kd4 Rb4 34. Rd2 b5 35. Kc5 Rb3 36. h4 Kg7 37. Rf2 h6 38. Rg2 Kf6 39. Rf2+ Ke5 40. Rxf7 Rxb2 41. g5 hxg5 42. hxg5 c3 43. Rf1 b4 44. g6 a5 45. Rg1 Rd2 46. g7 Rd8 47. Kc4 Rg8 48. Kb3 Kf6 49. Ra1 Rxg7 50. Rxa5 Rc7 51. Ra1 Rb7 52. Re1 Kf5 53. Rf1+ Ke4 54. Re1+ Kd3 55. Rd1+ Ke2 56. Rd4 Rc7 57. Re4+ Kd3 58. Rh4 c2 59. Rh3+ Ke4 60. Rh4+ Kf5 0-1

[Event "ESP-ch 85th"]
[Site "Linares"]
[Date "2020.09.07"]
[Round "8"]
[White "Guerra Bastida, Diego"]
[Black "Lopez Varela, Pablo"]
[Result "1-0"]
[WhiteElo "2301"]
[BlackElo "2177"]
[PlyCount "119"]
[EventDate "2020.08.31"]
[EventType "swiss"]
[EventRounds "9"]
[EventCountry "ESP"]
[SourceTitle "EXT 2021"]
[Source "ChessBase"]
[SourceDate "2020.10.23"]
[SourceVersion "1"]
[SourceVersionDate "2020.10.23"]
[SourceQuality "1"]

1. e4 c5 2. Nf3 e6 3. g3 Nc6 4. Bg2 Qc7 5. 0-0 a6 6. Re1 d6 7. c3 Be7 8. d4 Nf6 9. d5 Ne5 10. Nxe5 dxe5 11. c4 0-0 12. Nc3 Rd8 13. Qe2 h6 14. f4 Bd6 15. Rf1 exf4 16. Bxf4 Bxf4 17. gxf4 e5 18. f5 Ne8 19. Rad1 Nd6 20. f6 g6 21. Qe3 Kh7 22. Qg3 Re8 23. Kh1 Bd7 24. Bh3 b5 25. Bf5 Rg8 26. Bxd7 Qxd7 27. Rde1 b4 28. Nd1 Nxc4 29. Nf2 Qd6 30. Ng4 h5 31. b3 Rh8 32. bxc4 hxg4 33. Qxg4 a5 34. Re3 Kg8 35. Rh3 Rxh3 36. Qxh3 a4 37. Qh6 Qf8 38. Qg5 Qd6 39. Rf3 Ra6 40. Qh6 Qf8 41. Qg5 Qd6 42. h4 b3 43. axb3 a3 44. Rf1 a2 45. Ra1 Kh7 46. h5 Qb6 47. hxg6+ fxg6 48. Kg2 Qxf6 49. Qxf6 Rxf6 50. Rxa2 Rb6 51. Ra7+ Kh6 52. Re7 Kg5 53. Rxe5+ Kf4 54. Re8 Rxb3 55. d6 Rd3 56. e5 Rd2+ 57. Kf1 g5 58. e6 Rxd6 59. Rf8+ Ke3 60. e7 1-0

[Event "ESP-ch 85th"]
[Site "Linares"]
[Date "2020.09.03"]
[Round "4"]
[White "Galvan Cipriani, Viviana"]
[Black "Guerra Bastida, Diego"]
[Result "1-0"]
[WhiteElo "2104"]
[BlackElo "2301"]
[PlyCount "95"]
[EventDate "2020.08.31"]
[EventType "swiss"]
[EventRounds "9"]
[EventCountry "ESP"]
[SourceTitle "EXT 2021"]
[Source "ChessBase"]
[SourceDate "2020.10.23"]
[SourceVersion "1"]
[SourceVersionDate "2020.10.23"]
[SourceQuality "1"]

1. c4 f5 2. g3 Nf6 3. Bg2 g6 4. Nc3 Bg7 5. d4 0-0 6. Nf3 d6 7. 0-0 c6 8. Re1 Na6 9. e4 fxe4 10. Nxe4 Nxe4 11. Rxe4 Bf5 12. Rh4 e5 13. Bg5 Qc7 14. d5 c5 15. Nd2 Qf7 16. Qb3 Nb4 17. Rf1 Nc2 18. Ne4 Nd4 19. Nxd6 Qd7 20. Rxd4 exd4 21. Nxb7 Rab8 22. Nxc5 Qf7 23. Qa3 Kh8 24. b4 Bg4 25. f3 Bf5 26. Bf4 Rbe8 27. Ne4 Qd7 28. Rd1 Bh3 29. Qb3 Bxg2 30. Kxg2 h6 31. c5 g5 32. Bd6 Rf5 33. g4 Rf7 34. h3 Qb5 35. Rd3 a5 36. a4 Qxb4 37. Qxb4 axb4 38. c6 Rd8 39. Rb3 Ra7 40. Rxb4 d3 41. Kf2 d2 42. Ke2 Ra5 43. Rb5 Rxa4 44. c7 Rg8 45. Kxd2 Rc4 46. Rb8 Kh7 47. Nc5 Be5 48. Rxg8 1-0

[Event "ESP-ch 85th"]
[Site "Linares"]
[Date "2020.08.31"]
[Round "1"]
[White "Guerra Bastida, Diego"]
[Black "Perez Bolanos, David"]
[Result "1/2-1/2"]
[WhiteElo "2301"]
[BlackElo "1956"]
[PlyCount "60"]
[EventDate "2020.08.31"]
[EventType "swiss"]
[EventRounds "9"]
[EventCountry "ESP"]
[SourceTitle "EXT 2021"]
[Source "ChessBase"]
[SourceDate "2020.10.23"]
[SourceVersion "1"]
[SourceVersionDate "2020.10.23"]
[SourceQuality "1"]

1. d4 Nf6 2. Nf3 e6 3. e3 b6 4. Bd3 Bb7 5. 0-0 Be7 6. c4 0-0 7. Nc3 d5 8. cxd5 Nxd5 9. e4 Nxc3 10. bxc3 c5 11. Re1 cxd4 12. cxd4 Bb4 13. Bd2 Bxd2 14. Qxd2 Nc6 15. Qe3 Rc8 16. Rab1 Qd6 17. e5 Qd5 18. Be4 Qd7 19. Bxh7+ Kxh7 20. Ng5+ Kg8 21. Qh3 Rfe8 22. Qh7+ Kf8 23. Qh8+ Ke7 24. Qxg7 Kd8 25. d5 exd5 26. Nxf7+ Kc7 27. e6 Rxe6 28. Qg3+ Rd6 29. Nxd6 Qxd6 30. Qxd6+ Kxd6 1/2-1/2

[Event "Ferrol op 32th"]
[Site "Ferrol"]
[Date "2017.07.19"]
[Round "4"]
[White "Fernandez Romero, Ernesto"]
[Black "Guerra Bastida, Diego"]
[Result "1-0"]
[WhiteElo "2470"]
[BlackElo "2326"]
[PlyCount "105"]
[EventDate "2017.07.16"]
[EventType "swiss"]
[EventRounds "9"]
[EventCountry "ESP"]
[SourceTitle "EXT 2024"]
[Source "ChessBase"]
[SourceDate "2023.10.10"]
[SourceVersion "1"]
[SourceVersionDate "2023.10.10"]
[SourceQuality "1"]

1. e4 c5 2. Nf3 g6 3. d4 cxd4 4. Nxd4 Bg7 5. c4 Nc6 6. Be3 Nf6 7. Nc3 d6 8. Be2 0-0 9. 0-0 Bd7 10. Qd2 Nxd4 11. Bxd4 Bc6 12. f3 Nd7 13. Be3 a5 14. b3 Nc5 15. Rab1 e6 16. Rfd1 Be5 17. Bd4 Qe7 18. Bf1 Rfd8 19. Qe3 Bxd4 20. Rxd4 e5 21. Rd2 Ne6 22. Rbd1 Nd4 23. Ne2 Ne6 24. g3 h5 25. Bh3 Ng5 26. Bg2 Kg7 27. h4 Ne6 28. f4 Nc5 29. f5 Nd7 30. Rxd6 Nf6 31. c5 Ng4 32. Qc3 Rxd6 33. Rxd6 Rd8 34. f6+ Nxf6 35. Rxd8 Qxd8 36. Qxe5 Qd1+ 37. Kf2 Qd8 38. Bf3 Kg8 39. Qd6 Qxd6 40. cxd6 Kf8 41. Ke3 Ke8 42. e5 Bxf3 43. Kxf3 Ng4 44. Ke4 Kd7 45. Nf4 Kc6 46. a3 b5 47. b4 axb4 48. axb4 Kd7 49. Kd5 Nf2 50. e6+ fxe6+ 51. Nxe6 Nh1 52. Nc5+ Kd8 53. Kc6 1-0

[Event "Ferrol op 32th"]
[Site "Ferrol"]
[Date "2017.07.16"]
[Round "1"]
[White "Guerra Bastida, Diego"]
[Black "Vilar Rodriguez, Miguel Angel"]
[Result "1-0"]
[WhiteElo "2326"]
[BlackElo "1638"]
[PlyCount "59"]
[EventDate "2017.07.16"]
[EventType "swiss"]
[EventRounds "9"]
[EventCountry "ESP"]
[SourceTitle "EXT 2024"]
[Source "ChessBase"]
[SourceDate "2023.10.10"]
[SourceVersion "1"]
[SourceVersionDate "2023.10.10"]
[SourceQuality "1"]

1. c4 Nf6 2. Nf3 e6 3. g3 b6 4. Bg2 Bb7 5. 0-0 Be7 6. d4 0-0 7. Nc3 d5 8. Ne5 Nbd7 9. Qa4 Nxe5 10. dxe5 Ne8 11. cxd5 exd5 12. Nxd5 Bxd5 13. Rd1 b5 14. Qc2 c6 15. e4 Rc8 16. exd5 cxd5 17. Qd3 Qb6 18. Be3 Qa5 19. Qxd5 Nc7 20. Qd7 Rfe8 21. Bh3 Bf8 22. Rac1 Rcd8 23. Qxd8 Rxd8 24. Rxd8 Ne6 25. Re8 Nc7 26. Rc8 Na6 27. e6 Qb4 28. Bc5 Nxc5 29. e7 Ne6 30. e8Q 1-0

[Event "ESP-chT CECLUB Div1"]
[Site "Linares"]
[Date "2016.08.25"]
[Round "6"]
[White "Alonso Moyano, Jonathan"]
[Black "Guerra Bastida, Diego"]
[Result "0-1"]
[WhiteElo "2406"]
[BlackElo "2322"]
[PlyCount "120"]
[EventDate "2016.08.20"]
[EventType "team-tourn"]
[EventRounds "7"]
[EventCountry "ESP"]
[SourceTitle "CBM 174 Extra"]
[Source "ChessBase"]
[SourceDate "2016.10.10"]
[SourceVersion "1"]
[SourceVersionDate "2016.10.10"]
[SourceQuality "1"]
[WhiteTeam "D'Escas Barbera"]
[BlackTeam "Vigo Universidad"]
[WhiteTeamCountry "ESP"]
[BlackTeamCountry "ESP"]

1. e4 c5 2. Nf3 d6 3. d4 cxd4 4. Nxd4 Nf6 5. Nc3 a6 6. h3 e5 7. Nde2 h5 8. Bg5 Be7 9. Ng3 g6 10. Bxf6 Bxf6 11. Bc4 Be6 12. Nd5 Bg5 13. c3 Nd7 14. 0-0 Rc8 15. Bb3 Nc5 16. Bc2 0-0 17. Re1 Kg7 18. Nf1 b5 19. a4 bxa4 20. Bxa4 a5 21. Bc2 Rb8 22. Rb1 Ra8 23. b4 axb4 24. cxb4 Bxd5 25. exd5 Nd7 26. Ba4 Nb6 27. Bc6 Rb8 28. Ne3 f5 29. Qc2 f4 30. Nd1 f3 31. g3 Qc8 32. Kh2 Nxd5 33. Qa4 Ne7 34. Bb5 h4 35. Bd7 hxg3+ 36. fxg3 Qc7 37. Nf2 Ra8 38. Qb5 Rfb8 39. Qd3 Qxd7 40. Qxf3 Qf5 41. Qe2 Qe6 42. Rb2 d5 43. Nd3 Nc6 44. Kg2 Bf6 45. Qd2 Rd8 46. b5 Na5 47. Qf2 Nc4 48. Ra2 d4 49. Rxa8 Rxa8 50. Qxd4 Ra2+ 51. Nf2 exd4 52. Rxe6 d3 53. Kf3 d2 54. Ra6 Rb2 55. Ra7+ Kg8 56. Rb7 Rb3+ 57. Ke2 Rxg3 58. Rc7 Re3+ 59. Kf1 Re1+ 60. Kg2 Bd4 0-1

[Event "ESP-chT CECLUB Div1"]
[Site "Linares"]
[Date "2016.08.22"]
[Round "3"]
[White "Guerra Bastida, Diego"]
[Black "Mchedlishvili, Mikheil"]
[Result "0-1"]
[WhiteElo "2322"]
[BlackElo "2609"]
[PlyCount "80"]
[EventDate "2016.08.20"]
[EventType "team-tourn"]
[EventRounds "7"]
[EventCountry "ESP"]
[SourceTitle "CBM 174 Extra"]
[Source "ChessBase"]
[SourceDate "2016.10.10"]
[SourceVersion "1"]
[SourceVersionDate "2016.10.10"]
[SourceQuality "1"]
[WhiteTeam "Vigo Universidad"]
[BlackTeam "Beniajan Duochess CAC"]
[WhiteTeamCountry "ESP"]
[BlackTeamCountry "ESP"]

1. e4 c5 2. Nf3 Nc6 3. Bb5 g6 4. 0-0 Bg7 5. Re1 Nf6 6. e5 Nd5 7. Nc3 Nc7 8. Bxc6 dxc6 9. Ne4 b6 10. d3 0-0 11. h3 Ne6 12. a3 f5 13. Neg5 h6 14. Nxe6 Bxe6 15. Qe2 a5 16. a4 Qe8 17. h4 f4 18. b3 Rf5 19. Bb2 Rh5 20. d4 g5 21. dxc5 bxc5 22. hxg5 hxg5 23. Qe4 g4 24. Nh2 f3 25. c4 Bf5 26. Qf4 fxg2 27. Qg3 Rh3 28. Qxg2 Rxb3 29. Bc1 Qg6 30. Bf4 Rd8 31. Nf1 Rd4 32. Be3 Rdd3 33. Bxc5 g3 34. f4 Bh6 35. Be3 Kh7 36. Rad1 Be4 37. f5 Qxf5 38. Nxg3 Rxd1 39. Nf1 Rdd3 40. Qg3 Bf8 0-1

[Event "ESP-chT CECLUB Div1"]
[Site "Linares"]
[Date "2016.08.21"]
[Round "2"]
[White "Villuendas Valero, Adrian"]
[Black "Guerra Bastida, Diego"]
[Result "1-0"]
[WhiteElo "2329"]
[BlackElo "2322"]
[PlyCount "123"]
[EventDate "2016.08.20"]
[EventType "team-tourn"]
[EventRounds "7"]
[EventCountry "ESP"]
[SourceTitle "CBM 174 Extra"]
[Source "ChessBase"]
[SourceDate "2016.10.10"]
[SourceVersion "1"]
[SourceVersionDate "2016.10.10"]
[SourceQuality "1"]
[WhiteTeam "Stadium Casablanca"]
[BlackTeam "Vigo Universidad"]
[WhiteTeamCountry "ESP"]
[BlackTeamCountry "ESP"]

1. d4 e6 2. Nf3 f5 3. Bf4 Nf6 4. e3 Bd6 5. Bxd6 cxd6 6. Be2 0-0 7. c4 b6 8. Nc3 Bb7 9. 0-0 Nc6 10. Nd2 Qe7 11. Bf3 Rac8 12. Qa4 Ba8 13. Rac1 g5 14. Qa3 g4 15. Be2 a5 16. Qb3 Rb8 17. Rfd1 Kh8 18. Nb5 Nb4 19. a3 Nc6 20. Bd3 h5 21. e4 fxe4 22. Nxe4 Nxd4 23. Nxd4 Bxe4 24. Bxe4 Nxe4 25. Qe3 Qh7 26. f3 gxf3 27. Nxf3 Rbc8 28. Re1 Nc5 29. Rcd1 Rf5 30. Rxd6 Rcf8 31. Rd2 a4 32. Nh4 Rf4 33. Qe5+ Kg8 34. Qg5+ Qg7 35. Qxg7+ Kxg7 36. Nf3 Rxc4 37. Ne5 Rcf4 38. Nxd7 Nxd7 39. Rxd7+ R8f7 40. Rd6 e5 41. Rxb6 Rf2 42. h3 R2f5 43. Rb4 Re7 44. Rxa4 Kf6 45. Rf1 Rxf1+ 46. Kxf1 Rc7 47. Re4 Kf5 48. Re2 e4 49. Kf2 Ke5 50. b4 Rc3 51. Rb2 Kd4 52. b5 Rxa3 53. b6 Ra8 54. b7 Rb8 55. Ke2 Kc3 56. Rb1 Kd4 57. g4 hxg4 58. hxg4 e3 59. g5 Ke5 60. Kxe3 Kf5 61. Rb5+ Kg6 62. Kd4 1-0

[Event "Ferrol op 31th"]
[Site "Ferrol"]
[Date "2016.07.26"]
[Round "8"]
[White "Guerra Bastida, Diego"]
[Black "Prado Acebo, Ines"]
[Result "1-0"]
[WhiteElo "2318"]
[BlackElo "2005"]
[PlyCount "45"]
[EventDate "2016.07.18"]
[EventType "swiss"]
[EventRounds "9"]
[EventCountry "ESP"]
[SourceTitle "EXT 2024"]
[Source "ChessBase"]
[SourceDate "2023.10.10"]
[SourceVersion "1"]
[SourceVersionDate "2023.10.10"]
[SourceQuality "1"]

1. e4 e6 2. d4 d5 3. Nc3 Bb4 4. e5 c5 5. a3 Bxc3+ 6. bxc3 Ne7 7. h4 Qc7 8. h5 h6 9. Nf3 b6 10. a4 Bd7 11. Bd3 Nbc6 12. 0-0 c4 13. Be2 Na5 14. Ba3 Bc6 15. g3 Qd7 16. Nh4 g5 17. Ng2 Nf5 18. g4 Ng7 19. f4 gxf4 20. Rxf4 Bxa4 21. Qd2 Nb7 22. Raf1 Nd8 23. Rf6 1-0

[Event "Ferrol op 31th"]
[Site "Ferrol"]
[Date "2016.07.21"]
[Round "4"]
[White "Manolache, Marius"]
[Black "Guerra Bastida, Diego"]
[Result "1-0"]
[WhiteElo "2497"]
[BlackElo "2318"]
[PlyCount "127"]
[EventDate "2016.07.18"]
[EventType "swiss"]
[EventRounds "9"]
[EventCountry "ESP"]
[SourceTitle "EXT 2024"]
[Source "ChessBase"]
[SourceDate "2023.10.10"]
[SourceVersion "1"]
[SourceVersionDate "2023.10.10"]
[SourceQuality "1"]

1. d4 Nf6 2. c4 g6 3. Nc3 d5 4. Nf3 Bg7 5. e3 0-0 6. Qb3 e6 7. Bd2 b6 8. Be2 Bb7 9. Rd1 Nbd7 10. 0-0 c5 11. cxd5 Nxd5 12. Rfe1 cxd4 13. exd4 N7f6 14. Ne5 Nxc3 15. bxc3 Qd5 16. f3 Qxb3 17. axb3 Rfd8 18. Bf1 a6 19. Bg5 h6 20. Bh4 g5 21. Bf2 Nd7 22. Nc4 Bd5 23. Nd2 b5 24. c4 bxc4 25. bxc4 Bc6 26. Ne4 Nf6 27. Ng3 a5 28. d5 Bd7 29. d6 a4 30. Bd4 Bc6 31. c5 Nd7 32. Ne2 e5 33. Bf2 a3 34. Nc3 e4 35. Na2 exf3 36. Bc4 Ne5 37. Bd5 Bxd5 38. Rxd5 Nc6 39. gxf3 Rd7 40. Rd3 Bb2 41. Kg2 Kg7 42. Rb3 Rc8 43. h4 Kg6 44. Re4 f6 45. hxg5 hxg5 46. Ra4 Nd8 47. Rb5 Ne6 48. Be3 Ng7 49. Nb4 Nf5 50. Bf2 Nd4 51. Bxd4 Bxd4 52. Nd3 Bb2 53. f4 gxf4 54. Kf3 Rh7 55. Nxf4+ Kf5 56. d7 Rch8 57. c6+ Be5 58. Rxa3 Rh4 59. Ra4 Rh1 60. c7 Rf1+ 61. Ke2 Rhh1 62. Nd3 Rfg1 63. d8Q Rg2+ 64. Nf2 1-0

[Event "Ferrol op 31th"]
[Site "Ferrol"]
[Date "2016.07.18"]
[Round "1"]
[White "Tuimil Martinez, Ricardo"]
[Black "Guerra Bastida, Diego"]
[Result "0-1"]
[WhiteElo "1608"]
[BlackElo "2318"]
[PlyCount "66"]
[EventDate "2016.07.18"]
[EventType "swiss"]
[EventRounds "9"]
[EventCountry "ESP"]
[SourceTitle "EXT 2024"]
[Source "ChessBase"]
[SourceDate "2023.10.10"]
[SourceVersion "1"]
[SourceVersionDate "2023.10.10"]
[SourceQuality "1"]

1. d4 Nf6 2. Nf3 e6 3. c4 Bb4+ 4. Bd2 a5 5. a3 Bxd2+ 6. Nbxd2 d5 7. Qc2 Nc6 8. e3 0-0 9. Bd3 Re8 10. Ne5 Ne7 11. g4 dxc4 12. Bxc4 Ng6 13. Ndf3 Nd7 14. Nxg6 hxg6 15. h4 Qf6 16. Ke2 b6 17. g5 Qf5 18. Bd3 Ba6 19. Ne1 Bxd3+ 20. Qxd3 c5 21. Rd1 Qxd3+ 22. Rxd3 e5 23. dxe5 Nxe5 24. Rc3 Rad8 25. h5 gxh5 26. Rxh5 Ng6 27. Ng2 Rd5 28. f4 Red8 29. Rc2 Rd1 30. Ne1 Rb1 31. Nf3 Ne7 32. Nd2 Rg1 33. Rh2 Nf5 0-1

[Event "Sanxenxo Carlos op 8th"]
[Site "Sanxenxo"]
[Date "2016.07.03"]
[Round "9"]
[White "Guerra Bastida, Diego"]
[Black "Medarde Santiago, Luis Marcos"]
[Result "1/2-1/2"]
[WhiteElo "2318"]
[BlackElo "2292"]
[PlyCount "60"]
[EventDate "2016.06.25"]
[EventType "swiss"]
[EventRounds "9"]
[EventCountry "ESP"]
[SourceTitle "CBM 173 Extra"]
[Source "ChessBase"]
[SourceDate "2016.08.29"]
[SourceVersion "1"]
[SourceVersionDate "2016.08.29"]
[SourceQuality "1"]

1. e4 e5 2. Nf3 Nc6 3. Bc4 Nf6 4. d3 Bc5 5. 0-0 0-0 6. c3 d6 7. Bb3 a6 8. h3 h6 9. Re1 Ba7 10. Nbd2 Qe7 11. Nf1 Be6 12. Be3 Bxe3 13. Nxe3 Rad8 14. Bxe6 Qxe6 15. Qb3 Qxb3 16. axb3 d5 17. Ng4 Nxg4 18. hxg4 dxe4 19. dxe4 f6 20. Red1 Rxd1+ 21. Rxd1 Rd8 22. Rxd8+ Nxd8 23. b4 Kf7 24. Kf1 Ke6 25. Ke2 Nf7 26. Ne1 Nd6 27. f3 Nc4 28. Nd3 b6 29. b3 Nd6 30. Ke3 Nb5 1/2-1/2

[Event "Sanxenxo Carlos op 8th"]
[Site "Sanxenxo"]
[Date "2016.06.25"]
[Round "1"]
[White "Guerra Bastida, Diego"]
[Black "Salgado Gonzalez, Julio"]
[Result "1-0"]
[WhiteElo "2318"]
[BlackElo "1772"]
[PlyCount "61"]
[EventDate "2016.06.25"]
[EventType "swiss"]
[EventRounds "9"]
[EventCountry "ESP"]
[SourceTitle "CBM 173 Extra"]
[Source "ChessBase"]
[SourceDate "2016.08.29"]
[SourceVersion "1"]
[SourceVersionDate "2016.08.29"]
[SourceQuality "1"]

1. c4 e5 2. Nc3 Nc6 3. Nf3 f5 4. d4 e4 5. Ng5 Be7 6. Nh3 Nf6 7. Bg5 0-0 8. e3 d6 9. Nf4 Bd7 10. h4 Rc8 11. Be2 Qe8 12. g3 Nd8 13. Qb3 c6 14. d5 h6 15. c5 Kh7 16. Bxf6 Rxf6 17. g4 dxc5 18. g5 Rd6 19. Bh5 g6 20. Nxg6 Rxg6 21. Ne2 Bd6 22. 0-0-0 Qg8 23. dxc6 Rxc6 24. Bxg6+ Qxg6 25. Nf4 Be6 26. Qc2 Bxf4 27. exf4 Qe8 28. h5 Rc7 29. Kb1 c4 30. Qc3 Rd7 31. Qf6 1-0

[Event "Cappelle op 32nd"]
[Site "Cappelle la Grande"]
[Date "2016.02.17"]
[Round "6"]
[White "Bauwe, Pascal"]
[Black "Guerra Bastida, Diego"]
[Result "0-1"]
[WhiteElo "1975"]
[BlackElo "2298"]
[PlyCount "58"]
[EventDate "2016.02.13"]
[EventType "swiss"]
[EventRounds "9"]
[EventCountry "FRA"]
[SourceTitle "EXT 2017"]
[Source "ChessBase"]
[SourceDate "2016.10.25"]
[SourceVersion "1"]
[SourceVersionDate "2016.10.25"]
[SourceQuality "1"]

1. d4 Nf6 2. c4 g6 3. Nc3 d5 4. cxd5 Nxd5 5. e4 Nxc3 6. bxc3 Bg7 7. Be3 c5 8. Qd2 Qa5 9. Nf3 Nc6 10. Rc1 cxd4 11. cxd4 Qxd2+ 12. Kxd2 0-0 13. d5 Rd8 14. Kc2 Na5 15. Bf4 Bd7 16. Kb1 b6 17. Rc7 e6 18. dxe6 Bxe6 19. Ba6 h6 20. h4 Bf8 21. Be5 b5 22. Rc2 Nc4 23. Bb7 Na3+ 24. Kc1 Nxc2 25. Kxc2 Bxa2 26. Bxa8 Rxa8 27. Ra1 Bc4 28. Nd2 Be6 29. Bc3 b4 0-1

[Event "Cappelle op 32nd"]
[Site "Cappelle la Grande"]
[Date "2016.02.15"]
[Round "4"]
[White "Molina, Roberto Junio Brito"]
[Black "Guerra Bastida, Diego"]
[Result "1-0"]
[WhiteElo "2445"]
[BlackElo "2298"]
[PlyCount "81"]
[EventDate "2016.02.13"]
[EventType "swiss"]
[EventRounds "9"]
[EventCountry "FRA"]
[SourceTitle "EXT 2017"]
[Source "ChessBase"]
[SourceDate "2016.10.25"]
[SourceVersion "1"]
[SourceVersionDate "2016.10.25"]
[SourceQuality "1"]

1. d4 Nf6 2. c4 g6 3. Nc3 d5 4. Nf3 Bg7 5. Qb3 dxc4 6. Qxc4 0-0 7. Bf4 Na6 8. e4 c5 9. d5 e6 10. 0-0-0 exd5 11. exd5 Re8 12. a3 Bd7 13. Bd3 Qa5 14. Ne5 Rac8 15. Kb1 Nc7 16. Qa2 b5 17. Nxd7 Nxd7 18. Ne4 c4 19. Bc2 Na6 20. Nd6 Nac5 21. Nxe8 Rxe8 22. Bd2 Qb6 23. Rhe1 Rb8 24. Bf4 Rc8 25. Re2 a5 26. Be3 a4 27. Bxa4 bxa4 28. Qxc4 Rb8 29. Rdd2 Qb3 30. Qxb3 axb3 31. f3 Na4 32. d6 Bxb2 33. Rxb2 Nc3+ 34. Kc1 Nxe2+ 35. Rxe2 Ne5 36. Bd4 Nd3+ 37. Kb1 Rd8 38. Bf6 Rc8 39. Bg5 Nc5 40. Re7 h6 41. Rc7 1-0

[Event "Palma de Mallorca op 5th"]
[Site "Palma de Mallorca"]
[Date "2016.01.16"]
[Round "9"]
[White "Babiy, Olga"]
[Black "Guerra Bastida, Diego"]
[Result "1/2-1/2"]
[WhiteElo "2363"]
[BlackElo "2299"]
[PlyCount "109"]
[EventDate "2016.01.09"]
[EventType "swiss"]
[EventRounds "9"]
[EventCountry "ESP"]
[SourceTitle "EXT 2017"]
[Source "ChessBase"]
[SourceDate "2016.10.25"]
[SourceVersion "1"]
[SourceVersionDate "2016.10.25"]
[SourceQuality "1"]

1. e4 c5 2. Nf3 d6 3. d4 cxd4 4. Nxd4 Nf6 5. Nc3 a6 6. Be3 e5 7. Nb3 Be6 8. h3 Be7 9. Qf3 Nbd7 10. 0-0-0 Rc8 11. Nd5 Bxd5 12. exd5 Nb6 13. Bxb6 Qxb6 14. Kb1 a5 15. g4 a4 16. Nd2 0-0 17. a3 Qc5 18. c4 b5 19. g5 e4 20. Qc3 Nd7 21. Nxe4 Qb6 22. Qd4 bxc4 23. Bxc4 Nc5 24. Nf6+ Kh8 25. Bd3 Rb8 26. Bxh7 Bxf6 27. gxf6 g6 28. Bxg6 fxg6 29. Rhg1 Ne4 30. Rxg6 Qxd4 31. Rxd4 Rxf6 32. Rg1 Rf4 33. Ka1 Rbf8 34. Rxa4 Nxf2 35. Rxf4 Rxf4 36. Rg6 Ne4 37. Ka2 Nf6 38. b4 Kh7 39. Rg3 Rd4 40. Kb3 Nxd5 41. b5 Nb6 42. Rc3 Na4 43. Rc4 Nc5+ 44. Kb4 Rd1 45. a4 Rb1+ 46. Ka5 Ra1 47. b6 Rb1 48. Rb4 Nb7+ 49. Kb5 Rc1 50. Ka6 Nc5+ 51. Kb5 Kg6 52. a5 Ra1 53. b7 Nxb7 54. Kc6 Nxa5+ 55. Kxd6 1/2-1/2